000 01012aam a2200337 i 4500
001 768714001
003 CO-MdFUSB
005 20240531062741.0
007 ta
008 200512t1976 enk |||| |||| 00| 0 eng d
020 _a0232513317
040 _bspa.
_aCO-MdFUSB
_cCO-MdFUSB
_dCO-MdFUSBC
_erda
041 _aeng
082 _223
_a261.5
_bM395
100 1 _aMascall, E. L.
_eautor
245 1 0 _aNature and supernature
_c/ E. L. Mascall
264 1 _aLondres :
_bDarton, Longman and Todd,
_c[1976]
264 4 _c© 1976
300 _a94 páginas
_c; 19 cm
336 _atexto
_btxt
_2rdacontent
337 _2rdamedia
_asin mediación
_bn
338 _2rdacarrier
_avolumen
_bnc
490 _aSt. Michael's lectures,
505 _aBernard Lonergan sobre filosofía y teología - Naturaleza y super-naturaleza - Naturaleza y gracia
563 _aRústico
650 7 _aCristianismo
_2
_922
650 7 _9259
_aReligión y ciencia
942 _cBK
945 _aJTF-925
999 _c45708
_d45708